[Event "FRA-ch U20"]
[Site "Troyes"]
[Date "2010.04.12"]
[Round "2"]
[White "Favarel, Antoine"]
[Black "Poey Durut, Peio"]
[Result "1/2-1/2"]
[WhiteElo "2231"]
[BlackElo "1995"]
[PlyCount "104"]
[EventDate "2010.04.11"]
[EventType "swiss"]
[EventRounds "9"]
[EventCountry "FRA"]
[SourceTitle "EXT 2012"]
[Source "ChessBase"]
[SourceDate "2011.11.24"]
[SourceVersion "1"]
[SourceVersionDate "2011.11.24"]
[SourceQuality "1"]

1. e4 c6 2. d4 d5 3. e5 c5 4. Nf3 Bg4 5. Be2 e6 6. 0-0 Nc6 7. c3 Nge7 8. Nbd2 Nf5 9. dxc5 Bxc5 10. Qa4 Bxf3 11. Nxf3 0-0 12. Bd3 Re8 13. Qg4 g6 14. Qh3 Be7 15. Rd1 Nh4 16. Bf4 Nxf3+ 17. Qxf3 Bg5 18. g3 Rc8 19. h4 Bxf4 20. Qxf4 Qc7 21. Re1 Qb6 22. h5 Qd8 23. Kg2 g5 24. Qf3 Qe7 25. Rad1 h6 26. Bb1 Kg7 27. Qd3 Rh8 28. Re3 Qc7 29. Rde1 Ne7 30. R3e2 Qc4 31. Qf3 Rcg8 32. Rd1 Qc7 33. Qf6+ Kf8 34. Rd3 Nc6 35. Rde3 Qe7 36. Qxe7+ Kxe7 37. g4 Rc8 38. Rd2 Na5 39. Rd4 Rc4 40. Rf3 Rxd4 41. cxd4 Nc6 42. Rb3 b6 43. Re3 Kd7 44. Rd3 Rf8 45. Bc2 a6 46. Kf3 f6 47. exf6 Rxf6+ 48. Ke3 Rf4 49. f3 Nb4 50. Rc3 Nc6 51. Rd3 Nb4 52. Rc3 Nc6 1/2-1/2

[Event "FRA-ch U20"]
[Site "Troyes"]
[Date "2010.04.12"]
[Round "3"]
[White "Poey Durut, Peio"]
[Black "Demuth, Adrien"]
[Result "1/2-1/2"]
[WhiteElo "1995"]
[BlackElo "2398"]
[PlyCount "60"]
[EventDate "2010.04.11"]
[EventType "swiss"]
[EventRounds "9"]
[EventCountry "FRA"]
[SourceTitle "EXT 2012"]
[Source "ChessBase"]
[SourceDate "2011.11.24"]
[SourceVersion "1"]
[SourceVersionDate "2011.11.24"]
[SourceQuality "1"]

1. e4 c5 2. Nf3 Nc6 3. d3 g6 4. g3 Bg7 5. Bg2 d6 6. 0-0 Nf6 7. Re1 0-0 8. c3 Ne8 9. a4 e5 10. Na3 Nc7 11. Bg5 Qd7 12. Nc4 h6 13. Be3 Qe6 14. Nfd2 Rd8 15. f4 exf4 16. gxf4 d5 17. exd5 Nxd5 18. Bxc5 Qf6 19. Ne4 Qxf4 20. Rf1 Qc7 21. Bd6 Rxd6 22. Nexd6 Be6 23. Qc2 Rd8 24. Nb5 Qe7 25. Rae1 a6 26. Nba3 Qg5 27. Qd2 Qxd2 28. Nxd2 Nb6 29. d4 Nxa4 30. Be4 Ne7 1/2-1/2